| 000 | 00463nam a2200181Ia 4500 | ||
|---|---|---|---|
| 020 | _a0697343332 | ||
| 040 | _cJCU | ||
| 082 | _a370 DUS 1998 A066 Or. | ||
| 245 | 0 | 0 | _aSources. |
| 246 | 3 | 0 | _aNotable selections in education |
| 250 | _a2nd ed. | ||
| 260 |
_aGuilford, Conn. : _bDushkin/McGraw-Hill, _cc1998. |
||
| 300 |
_axii, 368 p. : _bill. ; _c24 cm. |
||
| 650 | 0 | _aEducation | |
| 650 | 0 | _aEducation | |
| 700 | 1 | _aSchultz, Frederick Marshall. | |
| 942 | _cEK | ||
| 999 |
_c14240 _d14240 |
||